Le monde hellénistique : la Grèce et l'Orient de la mort d'Alexandre à la conquête romaine de la Grèce, 323-146 av. J.-C. /

محفوظ في:

المؤلف الرئيسي: Préaux, Claire (مؤلف)

التنسيق: كتاب

اللغة: French

منشور في: Paris : Presses universitaires de France, c1978.

الطبعة: 1st ed.

سلاسل: Nouvelle Clio ; 6.

الموضوعات:

الوسوم: إضافة وسم

لا توجد وسوم, كن أول من يضع وسما على هذه التسجيلة!

رقم الطلب: DF78 .P73 v.1-2

LEADER 00946namaa2200301 4500
001 22157
003 OSt
005 20251223111420.0
008 130303s1978 fr b 001 0 fre d
010 |a 79341343 
020 |a 2130352634 (v.1) 
020 |a 2130352642 (v. 2) 
040 |c ARCE Library 
050 4 |a DF78 .P73 v.1-2 
100 1 |a Préaux, Claire,  |e author 
245 1 3 |a Le monde hellénistique :  |b la Grèce et l'Orient de la mort d'Alexandre à la conquête romaine de la Grèce, 323-146 av. J.-C. /  |c Claire Préaux. 
250 |a 1st ed. 
264 1 |a Paris :   |b Presses universitaires de France,   |c c1978. 
300 |a 2 volumes ;   |c 19 cm. 
490 1 |a Nouvelle Clio ;   |v 6. 
504 |a Includes bibliographical references and index. 
555 |a Sara.lib 
650 0 |a Hellenism. 
651 0 |a Greece  |x Civilization  |y To 146 B.C. 
830 0 |a Nouvelle Clio ;   |v 6. 
901 |a reviewed 
942 |c BK  |2 lcc 
999 |c 20759  |d 20759